Quizzes
Events
Quiz Creation
Community
Videos
Private Events
Remove Ads
Sign In
Join for FREE
Feedback
Dark Mode
Quiz Categories
Sports
Geography
Music
Movies
Television
Just For Fun
Miscellaneous
History
Literature
Language
Science
Gaming
Entertainment
Religion
Holiday
For Kids
Quiz Lab
Recent
Popular Today
Quiz Kudos Today
Editor Picks
Curator Picks
Quizzes by...
Day
Popularity
Type
Ratings
Length
Year
Community
Subscriptions
Recent Discussions
Orange Saloon
Badges
Playlists
Quests
Create
Leaderboards
Showdown
Live 5
Trivia Bingo
Activity
Puzzle Library
Sporcle Events
Private Events
Virtual Trivia
Globe League
Become a Host
Pub Owners
SporcleCon
Opinionation
Our Games
Videos
Blog
Mobile Apps
Partnerships
Remove Ads and Go Orange
Feedback
Just For Fun
Clickable
Get the Picture
Humor
Quick Pick
Word Ladder
Missing Word
Mixed Word
Blitz
Minefield
This or That
Alphabet
Color
Typing
Sporcle
Puzzle
Word Play
Follow That Line
Logic
Just For Fun
Clickable
Get the Picture
Humor
Quick Pick
Word Ladder
Missing Word
Mixed Word
Blitz
Minefield
This or That
Alphabet
Color
Typing
Sporcle
Puzzle
Word Play
Follow That Line
Logic
Random Quiz
Search Sporcle
×
Quiz Lab
Quiz Lab
Just For Fun
Football
Type in answers that appear in a list
Type in answers that appear in a list
Classic
Best Score? Go Orange.
My madden team (starters) Stats
Can you name the my madden team?
By
ctbrainiacs
10m
25 Questions
284 Plays
284 Plays
284 Plays
Comments
Comments
Give Quiz Kudos
Give Quiz Kudos
-
- Ratings
hide this ad
Replay
Link that replays current quiz
Next Quiz
Link to next quiz in quiz playlist
You Got
0%
They Got
Avg Score
20%
Avg Friend Score
Upgrade to see
Score Distribution
Jump to the score distribution portion of the page
Score
0/25
Timer
10:00
0
Plays Today
Player Number
Player
% Correct
9
Drew Brees
82%
28
Adrian Peterson
82%
11
Larry Fitzgerald
52.1%
56
Derrick Johnson
39.8%
87
Reggie Wayne
37.3%
93
Kevin Williams
27.5%
90
Mario Williams
27.5%
52
Patrick Willis
25.4%
12
Marques Colston
20.1%
21
Nnamdi Asomugha
15.1%
73
Joe Thomas
14.1%
63
Jeff Saturday
13.7%
47
Lawrence Vickers
10.6%
Player Number
Player
% Correct
22
Asante Samuel
10.2%
21
Bob Sanders
10.2%
82
Kellen Winslow
9.2%
74
Aaron Kampman
9.2%
56
Shawn Merriman
8.1%
10
Nate Kaeding
7%
70
Logan Mankins
4.6%
21
O.J. Atogwe
2.5%
73
Shawn Andrews
2.1%
67
Kareem Mckenzie
2.1%
75
Jovan Haye
1.8%
7
Jason Baker
1.4%
Quiz Playlist
Details
Report
Send in Message
Add To Playlist
Classic:
Type in answers that appear in a list
Quiz Source
Last Updated: Feb 16, 2017
Quiz Scoreboard
CHALLENGE
Sign Up to Join the Scoreboard
Show All
Scores
Hide
Comments
May contain spoilers
Recently Published
Presidents Visiting Landmarks
by Hejman
History
7m
An Introduction to Baseball
by treessimontrees
Sports
5m
Movies - When Are They Set?
by FPL_Elf
Movies
5m
More to Explore
Quiz From the Vault
Featured Blog Post
Where Did the Easter Bunny Come From?
hide this ad
You Might Also Like...
Tags
Football Quiz
Numbers Quiz
madden
Player
Starter
team
Today's Top Quizzes in Just For Fun
Browse Just For Fun
hide this ad
Today's Top Quizzes in Football
Browse Football
Top Contributed Quizzes in Just For Fun
1
Spring Typing Challenge
2
Killer Double Trees 224 - Colour Match-Up
3
Crossword Whiteout! 49
4
Zeroing In: Just For Fun
5
Harry Potter Logic - 'In Chains' II
6
Survivor Winners Logic Puzzle
7
Word Ladder: Ahoy Matey
8
Kyle's 122nd Triple Trees
9
Edinburgh Fringe jokes 2015
10
Word Ladder: Wilderness Weapon
Explore More
Trending Topics
Crossword
Marvel
Anime
Kpop
Harry Potter
NBA
Disney
WWE
Pokémon
Soccer
Song
Country
NFL
The Office
Puzzle
hide this ad
More By:
ctbrainiacs
Quiz
Plays
Rating
Category
Featured
Created
madden 09 top 10 qb,hb,and wr and te
701
1.75
Sports
Dec 2, 2009
qb's best 2 wide reciever
540
1.00
Sports
Dec 27, 2009
NCIS cast
446
2.00
Television
Dec 2, 2009
People in Mario and Sonic Winter Games
444
2.50
Gaming
Dec 4, 2009
09-10 pittsburgh steelers
345
1.25
Sports
Dec 2, 2009
Go to Creator's Profile
Score Distribution
Quiz Creator Spotlight
ctbrainiacs
Follow
Send a Message
Quizzes Created
-
Created Quiz Play Count
-
More By This Creator
Popular Quizzes Today
1
Find the US States - No Outlines Minefield
2
Find the Countries of Europe - No Outlines Minefield
3
The Countries of the World
4
Find the US States
5
Popular People in 1961
6
US States
7
Risky Map Clicking: Biggest States A-Z
8
1-10 Letter E Words III
More Just For Fun Quizzes
Trees Logic Puzzle VI
Published
Trending Quizzes
Risky Map Clicking: Least Populous States A-Z
1-10 Letter G Words
1-10 Letter F Words
One Thing in Common: United Kingdom
Risky Map Clicking: Next State Alphabetically
Recently Updated
Leaping Animals
pecheneg
Reality TV Shows (A-Z)
bhenderson79
Rickey Henderson's Hall of Fame Teammates
pecheneg
Champions League XIs: Arsenal
pecheneg
Quick Pick: Celebrities in WWE's Hall of Fame
aduchscher
A-Z Keypad Blitz II
pecheneg
Multiple Oscar Actors
pecheneg
Mystery Phrase Blitz: Oscar 'Best Actors'
pecheneg
F. Scott Fitzgerald Novels
LTH
Pick 3 Villains
ddd62291
Trending Topics
Harry Potter
Crossword
Anime
Disney
NBA
Kpop
Marvel
Song
Pokémon
Country
Soccer
NFL
WWE
The Office
Puzzle
Your Account Isn't Verified!
In order to create a playlist on Sporcle, you need to verify the email address you used during registration. Go to your
Sporcle Settings
to finish the process.
Report this User
Report this user for behavior that violates our
Community Guidelines
.
Details:
Send Report
Go to the Sporcle.com Mobile Site →
Comments